| 000 | 00364nam a2200157Ia 4500 | ||
|---|---|---|---|
| 003 | 0STCL | ||
| 008 | 150530s9999 xx 000 0 und d | ||
| 040 |
_aSTCL _cSTCL |
||
| 100 | _aMarriott, J.A.R | ||
| 245 | _aEmpire Settlement | ||
| 260 |
_bOxford University press _c1927 |
||
| 546 | _aEnglish | ||
| 942 |
_2ddc _cBK |
||
| 999 |
_c68833 _d68833 |
||
| 005 | 20220125171407.0 | ||